Welcome to CU Library Online Public Access Catalogue (OPAC)

Engineering drawing & design / (Record no. 8080)

MARC details
000 -LEADER
fixed length control field 01179cam a22002894a 4500
001 - CONTROL NUMBER
control field 14183327
005 - DATE AND TIME OF LATEST TRANSACTION
control field 20251105144903.0
008 - FIXED-LENGTH DATA ELEMENTS--GENERAL INFORMATION
fixed length control field 051129s2007 nyua b 001 0 eng
020 ## - INTERNATIONAL STANDARD BOOK NUMBER
International Standard Book Number 9781418029876
020 ## - INTERNATIONAL STANDARD BOOK NUMBER
International Standard Book Number 1418029874
050 00 - LIBRARY OF CONGRESS CALL NUMBER
Classification number T353
Item number .M1965 2007
082 00 - DEWEY DECIMAL CLASSIFICATION NUMBER
Classification number 604.2
Edition information 22
100 1# - MAIN ENTRY--PERSONAL NAME
Personal name Madsen, David A.
245 10 - TITLE STATEMENT
Title Engineering drawing & design /
Statement of responsibility, etc. David A. Madsen, David P. Madsen, J. Lee Turpin.
250 ## - EDITION STATEMENT
Edition statement 4th ed.
260 ## - PUBLICATION, DISTRIBUTION, ETC.
Place of publication, distribution, etc. Clifton Park, NY :
Name of publisher, distributor, etc. Delmar Thomson Learning,
Date of publication, distribution, etc. c2007.
300 ## - PHYSICAL DESCRIPTION
Extent xxvii, 1105 p. :
Other physical details ill. ;
Dimensions 29 cm. +
Accompanying material 1 CD-ROM (4 3/4 in.)
440 #0 - SERIES STATEMENT/ADDED ENTRY--TITLE
Title Drafting and design series
500 ## - GENERAL NOTE
General note Rev. ed. of: Engineering drawing & design / David A. Madsen ... [et al.]. 3rd ed. c2002.
650 #0 - SUBJECT ADDED ENTRY--TOPICAL TERM
Topical term or geographic name entry element Mechanical drawing.
700 1# - ADDED ENTRY--PERSONAL NAME
Personal name Madsen, David P.
700 1# - ADDED ENTRY--PERSONAL NAME
Personal name Turpin, J. Lee.
856 42 - ELECTRONIC LOCATION AND ACCESS
Materials specified Contributor biographical information
Uniform Resource Identifier <a href="http://www.loc.gov/catdir/enhancements/fy1302/2005056945-b.html">http://www.loc.gov/catdir/enhancements/fy1302/2005056945-b.html</a>
856 42 - ELECTRONIC LOCATION AND ACCESS
Materials specified Publisher description
Uniform Resource Identifier <a href="http://www.loc.gov/catdir/enhancements/fy1302/2005056945-d.html">http://www.loc.gov/catdir/enhancements/fy1302/2005056945-d.html</a>
856 41 - ELECTRONIC LOCATION AND ACCESS
Materials specified Table of contents only
Uniform Resource Identifier <a href="http://www.loc.gov/catdir/enhancements/fy1302/2005056945-t.html">http://www.loc.gov/catdir/enhancements/fy1302/2005056945-t.html</a>
942 ## - ADDED ENTRY ELEMENTS (KOHA)
Source of classification or shelving scheme Library of Congress Classification
Koha item type Books
Edition 4th ed.
Suppress in OPAC No
999 ## -
-- 8080
-- 8080
Holdings
Withdrawn status Lost status Source of classification or shelving scheme Damaged status Not for loan Collection Home library Current library Shelving location Date acquired Total checkouts Full call number Barcode Date last seen Copy number Price effective from Koha item type
    Library of Congress Classification     Non-fiction Science Library (Miotso) Science Library (Miotso) General stacks 11/05/2025   T353 .M1965 MAD SLM00005402 11/05/2025 1 11/05/2025 Books
    Library of Congress Classification     Non-fiction Science Library (Miotso) Science Library (Miotso) General stacks 11/05/2025   T353 .M1965 MAD SLM00005403 11/05/2025 2 11/05/2025 Books
    Library of Congress Classification     Non-fiction Science Library (Miotso) Science Library (Miotso) General stacks 11/05/2025   T353 .M1965 MAD SLM00005404 11/05/2025 3 11/05/2025 Books
    Library of Congress Classification     Non-fiction Science Library (Miotso) Science Library (Miotso) General stacks 11/05/2025   T353 .M1965 MAD SLM00005405 11/05/2025 4 11/05/2025 Books
    Library of Congress Classification     Non-fiction Science Library (Miotso) Science Library (Miotso) General stacks 11/05/2025   T353 .M1965 MAD SLM00005406 11/05/2025 5 11/05/2025 Books
    Library of Congress Classification     Non-fiction Science Library (Miotso) Science Library (Miotso) General stacks 11/05/2025   T353 .M1965 MAD SLM00005407 11/05/2025 6 11/05/2025 Books
    Library of Congress Classification     Non-fiction Science Library (Miotso) Science Library (Miotso) General stacks 11/05/2025   T353 .M1965 MAD SLM00005408 11/05/2025 7 11/05/2025 Books
    Library of Congress Classification     Non-fiction Science Library (Miotso) Science Library (Miotso) General stacks 11/05/2025   T353 .M1965 MAD SLM00005409 11/05/2025 8 11/05/2025 Books
    Library of Congress Classification     Non-fiction Science Library (Miotso) Science Library (Miotso) General stacks 11/05/2025   T353 .M1965 MAD SLM00005410 11/05/2025 9 11/05/2025 Books
© 2023-2024 Copyright: Central University Libraries. All Rights Reserved | Created by: Mahone Tech Office